000 00533nam a2200169 i 4500
001 145963
003 ES-MaACL
005 20230906201353.0
007 t|
008 071018s1969 sp ||||1| spa d
100 1 _aVerdejo Vivas, Guillermo.
_9114020
245 1 3 _aLa vida en el umbral del universo /
_cG. Verdejo Vivas.
260 _a[Almería :
_bHermandad Farmacéutica Almeriense,
_c1969]
300 _a81 p. :
_bil. ;
_c29 cm.
710 2 _aHermandad Farmacéutica Almeriense.
_94568
852 _aES-MaACL
_jC-42318
_bR.72158
999 _c145963
_d145963